00354nam a2200133Ia 4500008004100000041000800041082001500049100001100064245004500075250001400120260004400134300003100178365001100209240624s9999 xx 000 0 und d aeng a302.35 HER aHERSEY aMANAGEMENT OF ORGANIZATIONAL BEHAVIOR LE a(9th ed.) c2008aNew DelhibPrentice-Hall of India axvi, : 334 : p. : cm. ; 26 cRSb35